000
00331nam a22001457a 4500
008
210602b ||||| |||| 00| 0 eng d
020
_a
9780669354195
041
_a
eng
080
_2
2nd
_a
82
082
_a
82
100
_a
21
101
_a
GJL
245
_a
The Health Guide to College Writing
_c
Ralph F. Voss
942
_2
udc
_c
BK
999
_c
57920
_d
57920